<?xml version="1.0" encoding="UTF-8"?>
<record
    xmlns:xsi="http://www.w3.org/2001/XMLSchema-instance"
    xsi:schemaLocation="http://www.loc.gov/MARC21/slim http://www.loc.gov/standards/marcxml/schema/MARC21slim.xsd"
    xmlns="http://www.loc.gov/MARC21/slim">

  <leader>00342nam a22001217a 4500</leader>
  <controlfield tag="003">SGT</controlfield>
  <datafield tag="082" ind1=" " ind2=" ">
    <subfield code="a">370</subfield>
    <subfield code="b">DUB</subfield>
  </datafield>
  <datafield tag="100" ind1=" " ind2=" ">
    <subfield code="a">&#x926;&#x941;&#x92C;&#x947; , &#x921;&#x949;. &#x938;&#x941;&#x926;&#x940;&#x92A; &#x915;&#x941;&#x92E;&#x93E;&#x930;</subfield>
  </datafield>
  <datafield tag="245" ind1=" " ind2=" ">
    <subfield code="a">&#x935;&#x93F;&#x936;&#x93F;&#x937;&#x94D;&#x91F; &#x936;&#x93F;&#x915;&#x94D;&#x937;&#x93E; &#x914;&#x930; &#x92A;&#x93E;&#x920;&#x94D;&#x92F;&#x915;&#x94D;&#x930;&#x92E;</subfield>
  </datafield>
  <datafield tag="260" ind1=" " ind2=" ">
    <subfield code="a">DELHI</subfield>
    <subfield code="b">SR. PUB. </subfield>
    <subfield code="c">2016</subfield>
  </datafield>
  <datafield tag="300" ind1=" " ind2=" ">
    <subfield code="a">153</subfield>
  </datafield>
  <datafield tag="942" ind1=" " ind2=" ">
    <subfield code="2">ddc</subfield>
    <subfield code="c">BK</subfield>
  </datafield>
  <datafield tag="952" ind1=" " ind2=" ">
    <subfield code="0">0</subfield>
    <subfield code="1">0</subfield>
    <subfield code="2">ddc</subfield>
    <subfield code="4">0</subfield>
    <subfield code="7">0</subfield>
    <subfield code="8">FE</subfield>
    <subfield code="a">FE</subfield>
    <subfield code="b">FE</subfield>
    <subfield code="c">TXT</subfield>
    <subfield code="d">2019-04-11</subfield>
    <subfield code="e">SR. PUB. </subfield>
    <subfield code="i">SGTU</subfield>
    <subfield code="o">370 DUB</subfield>
    <subfield code="p">ED4049</subfield>
    <subfield code="r">2019-04-11 00:00:00</subfield>
    <subfield code="w">2019-04-11</subfield>
    <subfield code="y">BK</subfield>
  </datafield>
  <datafield tag="952" ind1=" " ind2=" ">
    <subfield code="0">0</subfield>
    <subfield code="1">0</subfield>
    <subfield code="2">ddc</subfield>
    <subfield code="4">0</subfield>
    <subfield code="7">0</subfield>
    <subfield code="8">FE</subfield>
    <subfield code="a">FE</subfield>
    <subfield code="b">FE</subfield>
    <subfield code="c">TXT</subfield>
    <subfield code="d">2019-04-11</subfield>
    <subfield code="e">SR. PUB. </subfield>
    <subfield code="i">SGTU</subfield>
    <subfield code="o">370 DUB</subfield>
    <subfield code="p">ED4050</subfield>
    <subfield code="r">2019-04-11 00:00:00</subfield>
    <subfield code="w">2019-04-11</subfield>
    <subfield code="y">BK</subfield>
  </datafield>
  <datafield tag="952" ind1=" " ind2=" ">
    <subfield code="0">0</subfield>
    <subfield code="1">0</subfield>
    <subfield code="2">ddc</subfield>
    <subfield code="4">0</subfield>
    <subfield code="7">0</subfield>
    <subfield code="8">FE</subfield>
    <subfield code="a">FE</subfield>
    <subfield code="b">FE</subfield>
    <subfield code="c">TXT</subfield>
    <subfield code="d">2019-04-11</subfield>
    <subfield code="e">SR. PUB. </subfield>
    <subfield code="i">SGTU</subfield>
    <subfield code="o">370 DUB</subfield>
    <subfield code="p">ED4051</subfield>
    <subfield code="r">2019-04-11 00:00:00</subfield>
    <subfield code="w">2019-04-11</subfield>
    <subfield code="y">BK</subfield>
  </datafield>
  <datafield tag="952" ind1=" " ind2=" ">
    <subfield code="0">0</subfield>
    <subfield code="1">0</subfield>
    <subfield code="2">ddc</subfield>
    <subfield code="4">0</subfield>
    <subfield code="7">0</subfield>
    <subfield code="8">FE</subfield>
    <subfield code="a">FE</subfield>
    <subfield code="b">FE</subfield>
    <subfield code="c">TXT</subfield>
    <subfield code="d">2019-04-11</subfield>
    <subfield code="e">SR. PUB. </subfield>
    <subfield code="i">SGTU</subfield>
    <subfield code="l">2</subfield>
    <subfield code="o">370 DUB</subfield>
    <subfield code="p">ED4052</subfield>
    <subfield code="r">2021-03-25 00:00:00</subfield>
    <subfield code="s">2021-03-12</subfield>
    <subfield code="w">2019-04-11</subfield>
    <subfield code="y">BK</subfield>
  </datafield>
  <datafield tag="952" ind1=" " ind2=" ">
    <subfield code="0">0</subfield>
    <subfield code="1">0</subfield>
    <subfield code="2">ddc</subfield>
    <subfield code="4">0</subfield>
    <subfield code="5">1</subfield>
    <subfield code="7">1</subfield>
    <subfield code="8">FE</subfield>
    <subfield code="a">FE</subfield>
    <subfield code="b">FE</subfield>
    <subfield code="c">REF</subfield>
    <subfield code="d">2019-04-11</subfield>
    <subfield code="i">SGTU</subfield>
    <subfield code="o">370 DUB</subfield>
    <subfield code="p">ED4081</subfield>
    <subfield code="r">2019-04-11 00:00:00</subfield>
    <subfield code="w">2019-04-11</subfield>
    <subfield code="y">BK</subfield>
  </datafield>
  <datafield tag="999" ind1=" " ind2=" ">
    <subfield code="c">17397</subfield>
    <subfield code="d">17397</subfield>
  </datafield>
</record>
